Geography Quiz

Random Geography or Blitz Quiz

Geography 'P' Blitz Quiz Stats

Quiz Updated Jan 23, 2018

Challenge
Share
Tweet
Embed
Score 0/20 Timer 02:00
34 Plays Today
Category Answer % Correct
OceanPacific
96.4%
South American countryParaguay
93.4%
Asian countryPakistan
84.6%
US statePennsylvania
84%
European capitalPrague
82.4%
North American countryPanama
80.5%
European countryPortugal
77.8%
Oceanian countryPalau
73.9%
World CurrencyPound
71.7%
European Official LanguagePortuguese
70.5%
Category Answer % Correct
Olympic cityParis
67.2%
GulfPersian Gulf
60.3%
North American capitalPort-au-Prince
55.9%
Asian capitalPhnom Penh
45.4%
US state capitalPhoenix
45.3%
Canadian provincePrince Edward Island
45%
Caribbean islandPuerto Rico
38.5%
African capitalPretoria
33.5%
South American capitalParamaribo
27.7%
Oceanian capitalPalikir
22.5%

You're not logged in!

Compare scores with friends on all Sporcle quizzes.
Sign Up with Email
OR
Log In

You Might Also Like...

Show Comments

Extras

Top Quizzes Today


Score Distribution

Your Account Isn't Verified!

In order to create a playlist on Sporcle, you need to verify the email address you used during registration. Go to your Sporcle Settings to finish the process.

Report this User

Report this user for behavior that violates our Community Guidelines.

Details: